A taxonomy of the psychomotor domain; (Record no. 4012)

000 -LEADER
fixed length control field 00720nam a2200241 4500
001 - CONTROL NUMBER
control field 3156912
003 - CONTROL NUMBER IDENTIFIER
control field OSt
005 - DATE AND TIME OF LATEST TRANSACTION
control field 20220317061355.0
008 - FIXED-LENGTH DATA ELEMENTS--GENERAL INFORMATION
fixed length control field 720911s1972 nyu b 000 0 eng
010 ## - LIBRARY OF CONGRESS CONTROL NUMBER
LC control number 74185136
040 ## - CATALOGING SOURCE
Original cataloging agency DLC
Transcribing agency ALUPE UNIVERSITY
Modifying agency DLC
050 00 - LIBRARY OF CONGRESS CALL NUMBER
Classification number BF295
Item number .H3
082 00 - DEWEY DECIMAL CLASSIFICATION NUMBER
Classification number 152.3
100 1# - MAIN ENTRY--PERSONAL NAME
Personal name Harrow, Anita J.
245 12 - TITLE STATEMENT
Title A taxonomy of the psychomotor domain;
Remainder of title a guide for developing behavioral objectives
Statement of responsibility, etc. [by] Anita J. Harrow.
260 ## - PUBLICATION, DISTRIBUTION, ETC.
Place of publication, distribution, etc. New York,
Name of publisher, distributor, etc. D. McKay Co.
Date of publication, distribution, etc. [1972]
300 ## - PHYSICAL DESCRIPTION
Extent x, 190 p.
Dimensions 22 cm.
350 ## - PRICE (NR) (BK AM CF MU VM SE) [OBSOLETE]
Price $2.95
504 ## - BIBLIOGRAPHY, ETC. NOTE
Bibliography, etc. note Bibliography: p. 185-190.
650 #0 - SUBJECT ADDED ENTRY--TOPICAL TERM
Topical term or geographic name entry element Movement, Psychology of.
906 ## - LOCAL DATA ELEMENT F, LDF (RLIN)
a 7
b cbc
c orignew
d 2
e ncip
f 19
g y-gencatlg
942 ## - ADDED ENTRY ELEMENTS (KOHA)
Source of classification or shelving scheme
Koha item type Book
Suppress in OPAC JO
Holdings
Withdrawn status Lost status Source of classification or shelving scheme Damaged status Not for loan Permanent Location Current Location Shelving location Date acquired Source of acquisition Total Checkouts Full call number Barcode Date last seen Price effective from Koha item type Public note
          AU LIBRARY AU LIBRARY Open Shelf 17.03.2022 DONATION FROM MOI UNIVERSITY   BF295 .H3 1972 28005898 17.03.2022 17.03.2022 Book JO

Powered by Koha